000
00291nam a22001337a 4500
008
180911b xxu||||| |||| 00| 0 eng d
020
_a
9780072825619
041
_a
eng
080
_a
370
100
_a
49
101
_a
EDU
245
_a
From Input To Output
_c
Lee J.F
942
_2
udc
_c
BK
999
_c
47651
_d
47651